000 00662nam a2200241Ia 4500
003 OSt
005 20220923213509.0
006 a|||||r|||| 00| 0
007 ta
008 220922b |||||||| |||| 00| 0 hin d
024 _a162,413
037 _cTextual
040 _aARTS
_cARTS
_bhin
041 _2hin
_ahin
082 _aO152,3M80,VA, J5;K8
100 _aप्रेमचंद
_9156277
245 0 _aवरदान
246 _aVaradāna
260 _c1955
650 _aहिन्दी साहित्य
_9156264
942 _hO152,3M80,VA, J5;K8
_cTEXL
_2CC
999 _c316893
_d316893